000 00893nam a22003370a 4500
001 PT42128
003 AR-LpoUNG
005 20210131230858.0
008 191001s2010||||sp |||||||||||||||||spa d
020 _a9788433925916
_c$8
040 _aAR-LpoUNG
_bspa
_cAR-LpoUNG
_eaacr
041 _aspa
044 _asp
082 0 _aA863 236cam
100 1 _aCaparrós, Martín
245 1 0 _aContra el cambio :
_bun hiperviaje al apocalipsis climático
250 _a1ra. ed.
260 _aBarcelona :
_bAnagrama,
_c2010.
300 _a278 p. :
_bfot., mapas
650 4 _aANALISIS SOCIOLOGICO
650 4 _aCAMBIOS CLIMATICOS
650 4 _aECOLOGIA
650 4 _aEQUILIBRIO ECOLOGICO
650 4 _aESTADO
650 4 _aMEDIO AMBIENTE
650 4 _aSOCIEDAD
651 4 _aDOCUMENTOS TEORICOS O METODOLOGICOS
653 _aCALENTAMIENTO GLOBAL
905 _a42128
942 _cLIB
999 _c6686
_d6686